Middle income housing in the Middle East and North Africa (Record no. 116087)

MARC details
000 -LEADER
fixed length control field 01311cad a22002535a 4500
001 - CONTROL NUMBER
control field L159680
008 - FIXED-LENGTH DATA ELEMENTS--GENERAL INFORMATION
fixed length control field 120803s2015 xxk 000 0 eng d
035 ## - SYSTEM CONTROL NUMBER
System control number (Sirsi) u159680
041 0# - LANGUAGE CODE
Language code of text/sound track or separate title eng
110 2# - MAIN ENTRY--CORPORATE NAME
Corporate name or jurisdiction name as entry element Jones Lang LaSalle
9 (RLIN) 3755
245 00 - TITLE STATEMENT
Title Middle income housing in the Middle East and North Africa
Remainder of title progress & priorities
Medium [electronic resource]
260 ## - PUBLICATION, DISTRIBUTION, ETC.
Place of publication, distribution, etc. [S.l.
Name of publisher, distributor, etc. JLL
Date of publication, distribution, etc. 2015
520 ## - SUMMARY, ETC.
Summary, etc. The lack of middle income housing is currently one of the major challenges facing the real estate industry across MENA. As population growth and urbanisation continue, countries across the region are facing growing pressure to accommodate the evolving needs of both nationals and expatriates. This includes the need for more good quality, affordable accommodation within developed communities, for middle income individuals and households. The report addresses three markets the UAE, Saudi Arabia and Egypt.
590 ## - LOCAL NOTE (RLIN)
Local note KA NTK
650 24 - SUBJECT ADDED ENTRY--TOPICAL TERM
Topical term or geographic name entry element URBAN HOUSING
650 24 - SUBJECT ADDED ENTRY--TOPICAL TERM
Topical term or geographic name entry element AFFORDABLE HOUSING
9 (RLIN) 6215
650 24 - SUBJECT ADDED ENTRY--TOPICAL TERM
Topical term or geographic name entry element ECONOMY
651 #4 - SUBJECT ADDED ENTRY--GEOGRAPHIC NAME
Geographic name United Arab Emirates
651 #4 - SUBJECT ADDED ENTRY--GEOGRAPHIC NAME
Geographic name Saudi Arabia
651 #4 - SUBJECT ADDED ENTRY--GEOGRAPHIC NAME
Geographic name Egypt
690 ## - LOCAL SUBJECT ADDED ENTRY--TOPICAL TERM (OCLC, RLIN)
Topical term or geographic name as entry element Residential property
9 (RLIN) 6266
856 40 - ELECTRONIC LOCATION AND ACCESS
Uniform Resource Identifier <a href="https://www.jll-mena.com/mena/en-gb/research/middle-income-housing-report/report-download">https://www.jll-mena.com/mena/en-gb/research/middle-income-housing-report/report-download</a>
Public note View the report at www.jll-mena.com
942 ## - ADDED ENTRY ELEMENTS (KOHA)
Suppress in OPAC 0
Holdings
Withdrawn status Lost status Source of classification or shelving scheme Damaged status Not for loan Home library Current library Shelving location Date acquired Total Checkouts Full call number Barcode Date last seen Copy number Price effective from Koha item type
    Dewey Decimal Classification     Virtual Virtual Online 08/12/2017   ONLINE PUBLICATION 159680-2001 06/08/2019 1 06/08/2019 Book